000 00662cam a22002053a 4500
001 43752
003 PGUSA
005 20140828084008.0
008 130916s2013||||xxu|||||s|||||000 | eng d
040 _aPGUSA
_beng
042 _adc
100 1 _aDufour, Pierre
245 1 0 _aHistoire de la prostitution chez tous les peuples du monde depuis l'antiquité la plus reculée jusqu'à nos jours, tome 3/6
_h[electronic resource] /
_cPierre Dufour
260 _bProject Gutenberg,
_c2013
506 _aPublic domain in the USA.
516 _aElectronic text
830 0 _aProject Gutenberg
_v43752
856 4 0 _uhttp://www.gutenberg.org/ebooks/43752
942 _cEB
999 _c273003
_d273003